| 000 -LEADER |
| fixed length control field |
00737cam a22002294a 4500 |
| 020 ## - INTERNATIONAL STANDARD BOOK NUMBER |
| ISBN |
2762126428 |
| 040 ## - CATALOGING SOURCE |
| Transcribing agency |
DLC |
| 082 00 - DEWEY DECIMAL CLASSIFICATION NUMBER |
| Classification number |
362 FID 2005 A073 Or. |
| 245 00 - TITLE STATEMENT |
| Title |
100 idées citoyennes pour un Québec en santé / |
| 246 10 - VARYING FORM OF TITLE |
| Title proper/short title |
Cent idées citoyennes pour un Québec en santé |
| 260 ## - PUBLICATION, DISTRIBUTION, ETC. (IMPRINT) |
| Place of publication |
[Montreal] : |
| Name of publisher |
Fides, |
| Year of publication |
c2005. |
| 300 ## - PHYSICAL DESCRIPTION |
| Number of Pages |
94 p. : |
| Other physical details |
ill. ; |
| Dimensions |
19 cm. |
| 500 ## - GENERAL NOTE |
| General note |
"Supplément de l'annuaire du Québec"--T.p. verso. |
| 500 ## - GENERAL NOTE |
| General note |
"Publié en collaboration avec: L'Institut du nouveau monde"--T.p. verso. |
| 650 #0 - SUBJECT ADDED ENTRY--TOPICAL TERM |
| Topical Term |
Medical care |
| 650 #0 - SUBJECT ADDED ENTRY--TOPICAL TERM |
| Topical Term |
Public health |
| 650 #0 - SUBJECT ADDED ENTRY--TOPICAL TERM |
| Topical Term |
Public health |
| 650 #0 - SUBJECT ADDED ENTRY--TOPICAL TERM |
| Topical Term |
National health services |
| 700 1# - ADDED ENTRY--PERSONAL NAME |
| Personal name |
Venne, Michel, |
| 710 2# - ADDED ENTRY--CORPORATE NAME |
| Corporate name or jurisdiction name as entry element |
Institut du Nouveau Monde. |
| 942 ## - ADDED ENTRY ELEMENTS (KOHA) |
| Koha item type |
សៀវភៅភាសាអង់គ្លេស |
| 952 ## - LOCATION AND ITEM INFORMATION (KOHA) |
| Withdrawn status [LOCAL, KOHA] |
0 |
| 952 ## - LOCATION AND ITEM INFORMATION (KOHA) |
| Withdrawn status [LOCAL, KOHA] |
0 |
| 952 ## - LOCATION AND ITEM INFORMATION (KOHA) |
| Withdrawn status [LOCAL, KOHA] |
0 |
| 952 ## - LOCATION AND ITEM INFORMATION (KOHA) |
| Withdrawn status [LOCAL, KOHA] |
0 |